000 00437nam a2200181Ia 4500
001 9095
005 20260306160658.0
008 260306t2006||||xx |||||||||||||| ||spa||
041 _aESP
082 _a372.622
_bA91
100 _aAvedaño, Fernando
_eAUT
245 0 _aEl desarrollo de la lengua oral en el aula
260 _c2006
300 _a148 páginas :
_c22 cm.
650 _aGEN
654 _aCED
942 _cLIB
_dJUS
_fJUS
_2ddc
_n
999 _c9095
_d9095